| 000 | 00409nam a2200181Ia 4500 | ||
|---|---|---|---|
| 001 | 24078 | ||
| 005 | 20260414151019.0 | ||
| 008 | 260414t2006||||xx |||||||||||||| ||spa|| | ||
| 041 | _aESP | ||
| 082 |
_a759.915 _bG19 |
||
| 100 |
_aGantefuhrer-Trier, Anne _eAUT |
||
| 245 | 0 |
_aCubismo _b |
|
| 260 | _c2006 | ||
| 300 |
_a95 páginas : _ccm. |
||
| 650 | _aABD | ||
| 654 | _aCAU | ||
| 942 |
_cLIB _dJUS _fJUS _2ddc _n |
||
| 999 |
_c24078 _d24078 |
||